Voyages et aventures du Capitaine Hatteras (Record no. 167258)

MARC details
000 -LEADER
campo de control de longitud fija 00920nam a22002415i 4500
001 - NÚMERO DE CONTROL
campo de control 167258
003 - IDENTIFICADOR DE NÚMERO DE CONTROL
campo de control ES-MaACL
005 - FECHA Y HORA DE LA ÚLTIMA TRANSACCIÓN
campo de control 20251113140548.0
008 - DATOS DE LONGITUD FIJA--INFORMACIÓN GENERAL
campo de control de longitud fija 050922s1867 fr af | |||||||| ||fre d
040 ## - FUENTE DE CATALOGACIÓN
Centro catalogador/agencia de origen CAM
Lengua de catalogación spa
Centro/agencia transcriptor CAM
100 1# - ENTRADA PRINCIPAL--NOMBRE DE PERSONA
Nombre de persona Verne, Jules,
Fechas asociadas al nombre 1828-1905
9 (RLIN) 188654
245 10 - MENCIÓN DEL TÍTULO
Título Voyages et aventures du Capitaine Hatteras
Resto del título : Les anglais au pôle nord : Le désert de glace /
Mención de responsabilidad, etc. Jules Verne ; 150 vignettes par Riou.
260 ## - PUBLICACIÓN, DISTRIBUCIÓN, ETC.
Lugar de publicación, distribución, etc. Paris :
Nombre del editor, distribuidor, etc. J. Hetzel,
Fecha de publicación, distribución, etc. 1867.
300 ## - DESCRIPCIÓN FÍSICA
Extensión 467 p. :
Otras características físicas il. ;
Dimensiones 27 cm.
490 1# - MENCIÓN DE SERIE
Mención de serie Les voyages extraordinaires
490 1# - MENCIÓN DE SERIE
Mención de serie Bibliothèque d`´education et de récréation
700 1# - ENTRADA AGREGADA--NOMBRE PERSONAL
Nombre de persona Riou, Édouard,
Fechas asociadas al nombre 1833-1900
Término indicativo de función/relación
9 (RLIN) 97410
700 1# - ENTRADA AGREGADA--NOMBRE PERSONAL
Nombre de persona Hetzel, J.,
Término indicativo de función/relación
9 (RLIN) 127949
830 04 - PUNTO DE ACCESO ADICIONAL DE SERIE-TÍTULO UNIFORME
Título uniforme Les voyages extraordinaires
9 (RLIN) 188647
830 0# - PUNTO DE ACCESO ADICIONAL DE SERIE-TÍTULO UNIFORME
Título uniforme Bibliothèque d`´education et de récréation
9 (RLIN) 233517
852 ## - LOCALIZACIÓN
Ubicación ES-MaACL
Número de control de estantería C-2291
Nota libre -- Enc. hol.
Holdings
Estatus retirado Estado de pérdida Estado de daño No para préstamo Colección Biblioteca de origen Biblioteca actual Ubicación en estantería Fecha de adquisición Fuente de adquisición Total de préstamos Signatura topográfica completa Código de barras Visto por última vez Precio de reemplazo Tipo de ítem Koha
        Libros del s. XIX Biblioteca del Ateneo de Madrid Biblioteca del Ateneo de Madrid Sala Palomar 17/01/2008     C-2291 1175457 23/02/2023 23/02/2023 Libro impreso antiguo